000 00502nam a2200205Ia 4500
003 OSt
005 20220928144211.0
006 a|||||r|||| 00| 0
007 ta
008 220927b |||||||| |||| 00| 0 eng d
024 _a63624
037 _cTextual
040 _aSDCL
_cSDCL
_beng
041 _2eng
_aeng
082 _aU21, N 1
100 _aThornbury
_9507379
245 0 _aPrinciples of geomorphology. Ed2
942 _hU21, N 1
_cTEXL
_2CC
999 _c826740
_d826740